|
|
|
|
| LEADER |
00841nam a2200241 u 4500 |
| 001 |
10048660 |
| 003 |
upatras |
| 005 |
20210117200341.0 |
| 008 |
031106s uk eng |
| 020 |
|
|
|a 0521245982
|
| 040 |
|
|
|a GR-PaULI
|c GR-PaULI
|
| 041 |
0 |
|
|a eng
|
| 082 |
0 |
4 |
|a 005.133 ALC
|
| 100 |
1 |
|
|a Alcock, Donald
|9 40330
|
| 245 |
1 |
0 |
|a Illustrating Fortran
|
| 260 |
|
|
|a Cambridge
|b Cambridge University Press
|c 1982
|
| 300 |
|
|
|a vi, 134 p.
|c 24 cm.
|
| 650 |
|
4 |
|a FORTRAN (Γλώσσα προγραμματισμού)
|9 4564
|
| 852 |
|
|
|a GR-PaULI
|b ΠΑΤΡΑ
|b ΒΚΠ
|b ΒΣ1
|k ΑΣΧΞ
|h 005.133 ALC
|m 072755
|t 1
|
| 942 |
|
|
|2 ddc
|c BK15
|
| 952 |
|
|
|0 0
|1 0
|4 0
|6 005_133000000000000_ALC
|7 0
|9 39636
|a LISP
|b LISP
|c BSC
|d 2016-04-24
|i 072755
|l 0
|o 005.133 ALC
|r 2016-04-24 00:00:00
|t 1
|w 2016-04-24
|y BK15
|
| 998 |
|
|
|c ΣΑΤΛΑΝΗΣ
|d 2003-11
|
| 999 |
|
|
|c 25461
|d 25461
|